00322nam a22001217a 4500008004100000082001000041100001700051245005800068260002900126270002700155300001000182490000800192230821b ||||| |||| 00| 0 eng d aS-GHO aGhosh, Oroon aSelected Stories and Tales of Indian ClasseshEnglish aDelhibA.I.C.B. cRohini aA.I.C.B. Rohini, Delhi a12x13 v1-4